| 000 | 00905cam a22002651 4500 | ||
|---|---|---|---|
| 001 | sa 66007714 | ||
| 003 | DLC | ||
| 005 | 20260227112307.0 | ||
| 008 | 911112s1962 ii b 000 1 urdr | ||
| 010 | _asa 66007714 | ||
| 025 | _aPL480:I-U-481 | ||
| 035 | _a(OCoLC)24769313 | ||
| 040 |
_aDLC _cWaU _dWaU _dDLC |
||
| 042 | _apremarc | ||
| 050 | 0 | 0 |
_aPK2198.A1 _bB3 1962 |
| 245 | 0 | 0 |
_aBāg̲h̲ o bahār; _byaʻnī, qiṣṣah-ʼi cahār darvīsh, maʻa muqaddamah va farhang. _cmuʼallafah-ʼi Mīr Amman Dihlavī. murattabah ʻAbdulḥaq. |
| 260 |
_aʻAlīʹgaṛh, _bYunīvarsiṭī Pablisharz _c[1962?] |
||
| 300 |
_a223 p. _c18 cm. |
||
| 500 | _aIn Urdu. | ||
| 504 | _aBibliographical footnotes. | ||
| 650 | 0 |
_aUrdu language _xReaders. |
|
| 700 | 0 |
_aAmīr Khusraw Dihlavī, _dapproximately 1253-1325. |
|
| 700 | 0 |
_aMīr Amman Dihlavī, _dactive 1801-1806. |
|
| 700 | 0 |
_aʻAbdulḥaq, _d1869-1961. |
|
| 999 |
_c71360 _d71360 |
||